000 00792nam a2200289Ia 4500
005 20260324123124.0
008 008 260324s9999 xx 000 0 eng d
020 _a9780429212895
037 _aEBOOK
040 _aCRL
040 _beng
040 _cCRL
041 _2eng
041 _aeng
084 _qCRL
100 _aMartin Anderson
_91165567
245 0 _aContemporary Ergonomics and Human Factors 2011
245 0 _bProceedings of the international conference on Ergonomics & Human Factors 2011, Stoke Rochford,Lincolnshire, 12-14 April 2011
260 _bTaylor and Francis
260 _c2012
365 _a
365 _b400
856 _uhttp://www.taylorfrancis.com/books/9780429212895
942 _cEBOOK
999 _c1762351
_d1762351